[Event "Turkish Cup 2016"]
[Site "Manavgat TUR"]
[Date "2016.02.04"]
[Round "9.20"]
[White "Ererdem, Gani Eren"]
[Black "Kiremitciyan, Ari"]
[Result "1-0"]
[WhiteElo "2152"]
[BlackElo "1998"]
[WhiteTeam "KARAMAN"]
[BlackTeam "ISTANBUL"]
[WhiteFideId "6310915"]
[BlackFideId "6373445"]
[EventDate "2016.01.30"]

1. d4 Nf6 2. Nf3 e6 3. g3 c5 4. Bg2 cxd4 5. Nxd4 Nc6 6. O-O e5 7. Nf3 d5 8. c4
dxc4 9. Qa4 Qc7 10. Nxe5 Qxe5 11. Bxc6+ Nd7 12. Bf3 Qc5 13. Na3 1-0

[Event "Turkish Cup 2016"]
[Site "Manavgat TUR"]
[Date "2016.02.04"]
[Round "9.21"]
[White "Daghan, Devran"]
[Black "Kucuksari, Kaan"]
[Result "1-0"]
[WhiteElo "2004"]
[BlackElo "2200"]
[WhiteTeam "KARAMAN"]
[BlackTeam "ANTALYA"]
[WhiteFideId "6371930"]
[BlackFideId "6380166"]
[EventDate "2016.01.30"]

1. Nf3 Nf6 2. d4 d5 3. g3 e6 4. Bg2 Bd6 5. O-O O-O 6. c4 c6 7. Nbd2 Nbd7 8. Qc2
Re8 9. b3 e5 10. dxe5 Nxe5 11. Bb2 dxc4 12. Nxc4 Nxc4 13. Qxc4 Be6 14. Qc2 Bd5
15. Ng5 Be5 16. Rad1 Bxb2 17. Qxb2 Qa5 18. Bxd5 Nxd5 19. Nf3 Re4 20. e3 Rae8 21.
Nd4 Nf6 22. Kg2 Qh5 23. Qe2 Ng4 24. h3 Rxd4 25. Rxd4 Nf6 26. Qxh5 Nxh5 27. Rd7
b6 28. Rxa7 Nf6 29. Rc1 c5 30. Rd1 h6 31. Rb7 Ra8 32. a4 c4 33. Rxb6 cxb3 34.
Ra1 Ne4 35. Rxb3 Nc5 36. Rb4 Kf8 37. a5 Ke7 38. Rb6 Kd7 39. Rd1+ Kc7 40. Ra1
Rxa5 41. Rxa5 Kxb6 42. Ra8 Kc6 43. Rf8 f6 44. Rf7 Ne6 45. f4 Kd5 46. Kf3 Kd6 47.
h4 h5 48. f5 Nd8 49. Rxg7 Ke5 50. g4 1-0

[Event "Turkish Cup 2016"]
[Site "Manavgat TUR"]
[Date "2016.02.04"]
[Round "9.22"]
[White "Tirak, Mert"]
[Black "Donmez, Yusuf"]
[Result "1-0"]
[WhiteElo "1915"]
[BlackElo "2071"]
[WhiteTeam "ADANA"]
[BlackTeam "KARAMAN"]
[WhiteFideId "6311830"]
[BlackFideId "6301967"]
[EventDate "2016.01.30"]

1. e4 d6 2. d4 Nf6 3. Nc3 g6 4. f4 Bg7 5. Nf3 O-O 6. Be2 c5 7. dxc5 Qa5 8. cxd6
Nxe4 9. dxe7 Re8 10. O-O Bxc3 11. bxc3 Nxc3 12. Qd2 Rxe7 13. Bc4 Nc6 14. Kh1 Bf5
15. Ne5 Rd8 16. Nxc6 bxc6 17. Qf2 Nd1 18. Qh4 Rde8 19. Qf6 Qc5 20. Rxd1 Re1+ 21.
Bf1 Rxd1 22. Bb2 Rxf1+ 23. Rxf1 Kf8 24. Qg7+ Ke7 25. Bf6+ Ke6 26. Re1+ Kd5 27.
Rxe8 Be6 28. Bb2 Qf2 29. Qe5+ Kc4 30. Qc3+ Kd5 31. Rd8+ Bd7 32. Rxd7+ 1-0

[Event "Turkish Cup 2016"]
[Site "Manavgat TUR"]
[Date "2016.02.04"]
[Round "9.23"]
[White "Karaahmetoglu, Ege"]
[Black "Mecit, Emre"]
[Result "1-0"]
[WhiteElo "2017"]
[BlackElo "2092"]
[WhiteTeam "ANKARA"]
[BlackTeam "YALOVA"]
[WhiteFideId "6361145"]
[BlackFideId "6304214"]
[EventDate "2016.01.30"]

1. e4 c5 2. Nf3 d6 3. d4 cxd4 4. Qxd4 a6 5. c4 Nc6 6. Qd2 Nf6 7. Nc3 g6 8. b3
Bg7 9. Bb2 O-O 10. Be2 Qa5 11. Rb1 b5 12. a3 bxc4 13. Bxc4 Bb7 14. O-O Ne5 15.
Nxe5 dxe5 16. Qe2 e6 17. Rfd1 Rfd8 18. b4 Qb6 19. Bb3 Rac8 20. Rbc1 Qa7 21. Kh1
Qa8 22. f3 Nh5 23. g3 Bh6 24. Rxd8+ Rxd8 25. Rd1 Rxd1+ 26. Qxd1 Nf6 27. Qd3 Bf8
28. Bc1 h6 29. Be3 g5 30. h3 a5 31. b5 Bxa3 32. Kh2 Bb4 33. Na2 Be7 34. Nc3 Kg7
35. Na4 Qc8 36. Nb6 Qe8 37. Ba4 g4 38. hxg4 Bb4 39. Nc4 Qb8 40. Bc1 Nh7 41. Bb2
f6 42. Qd7+ Kg6 43. Qxe6 Ng5 44. Nxe5+ Kg7 45. Qd7+ Kg8 46. Bb3+ 1-0

[Event "Turkish Cup 2016"]
[Site "Manavgat TUR"]
[Date "2016.02.04"]
[Round "9.24"]
[White "Zor, Alber Kadir"]
[Black "Tepe, Efe Can"]
[Result "1/2-1/2"]
[WhiteElo "2134"]
[BlackElo "1887"]
[WhiteTeam "ANKARA"]
[BlackTeam "ANKARA"]
[WhiteFideId "6353169"]
[BlackFideId "6348297"]
[EventDate "2016.01.30"]

1. e4 e6 2. d4 d5 3. Nd2 Nc6 4. Ngf3 Nf6 5. e5 Nd7 6. Nb3 a5 7. a4 b6 8. Bb5 Na7
9. Bd3 Be7 10. h4 c5 11. c4 Bb7 12. Bf4 Rc8 13. Rc1 cxd4 14. Nfxd4 Nc5 15. Nxc5 1/2-1/2

[Event "Turkish Cup 2016"]
[Site "Manavgat TUR"]
[Date "2016.02.04"]
[Round "9.25"]
[White "Kucuk, Dogan"]
[Black "Gundogan, Sinem Cagla"]
[Result "1-0"]
[BlackTitle "WCM"]
[WhiteElo "2066"]
[BlackElo "2002"]
[WhiteTeam "ANTALYA"]
[BlackTeam "KOCAELI"]
[WhiteFideId "6312985"]
[BlackFideId "6325378"]
[EventDate "2016.01.30"]

1. d4 d5 2. e3 e6 3. c3 c6 4. Bd3 Bd6 5. Nd2 f5 6. Ngf3 Nf6 7. c4 O-O 8. Qc2 Ne4
9. a4 Na6 10. a5 Nb4 11. Qb3 Nxd3+ 12. Qxd3 Bb4 13. a6 bxa6 14. Ne5 Qc7 15. O-O
Rb8 16. f3 Nf6 17. b3 a5 18. Ba3 Bd7 19. Bxb4 axb4 20. c5 a5 21. g4 Bc8 22. Ra2
Ra8 23. Rfa1 Nd7 24. Nxd7 Bxd7 25. gxf5 Rxf5 26. f4 g5 27. Nf3 gxf4 28. Rg2+ Kh8
29. Ne5 Rg8 30. Rxg8+ Kxg8 31. exf4 Rxf4 32. Qg3+ 1-0

[Event "Turkish Cup 2016"]
[Site "Manavgat TUR"]
[Date "2016.02.04"]
[Round "9.26"]
[White "Akdogan, Alperen"]
[Black "Aydin, Ersin"]
[Result "1-0"]
[WhiteElo "2114"]
[BlackElo "1943"]
[WhiteTeam "ISTANBUL"]
[BlackTeam "ANKARA"]
[WhiteFideId "6347363"]
[BlackFideId "6306187"]
[EventDate "2016.01.30"]

1. d4 Nf6 2. Nf3 g6 3. Nbd2 Bg7 4. e4 d6 5. Bd3 O-O 6. O-O Nc6 7. c3 e5 8. Re1
Nh5 9. Nb3 h6 10. a4 a5 11. Bb5 Qf6 12. Bxc6 bxc6 13. dxe5 dxe5 14. Nc5 Rd8 15.
Qe2 Rb8 16. Rb1 Bf8 17. Nd3 Ba6 18. Rd1 Rxd3 19. Rxd3 Rd8 20. Ne1 Bxd3 21. Nxd3
Qd6 22. g4 Qxd3 23. Qxd3 Rxd3 24. gxh5 Rd1+ 25. Kg2 Be7 26. b4 axb4 27. cxb4
Bxb4 28. Rxb4 Rxc1 29. hxg6 fxg6 30. Rb8+ Kg7 31. Rb7 Rc4 32. Rxc7+ Kf6 33. a5
Rxe4 34. Rxc6+ Kg5 35. Ra6 Ra4 36. Ra8 Ra3 37. a6 h5 38. Ra7 h4 39. h3 Ra1 40.
Ra8 Ra3 41. a7 Ra1 42. Kf3 Ra4 43. Ke3 Ra3+ 44. Ke4 Ra4+ 45. Kxe5 Ra5+ 46. Ke4
Ra4+ 47. Kf3 Ra3+ 48. Kg2 Ra2 49. Kg1 Ra1+ 50. Kh2 1-0

[Event "Turkish Cup 2016"]
[Site "Manavgat TUR"]
[Date "2016.02.04"]
[Round "9.27"]
[White "Kilic, Efe Mert"]
[Black "Gyokbulut, Julia"]
[Result "1-0"]
[BlackTitle "WFM"]
[WhiteElo "1998"]
[BlackElo "1976"]
[WhiteTeam "KOCAELI"]
[BlackTeam "ANKARA"]
[WhiteFideId "6354327"]
[BlackFideId "4153979"]
[EventDate "2016.01.30"]

1. e4 c5 2. Nf3 e6 3. b3 b6 4. Bb2 Bb7 5. Nc3 Nc6 6. d4 cxd4 7. Nxd4 a6 8. Nxc6
Bxc6 9. Qe2 Qc7 10. O-O-O Ne7 11. g3 b5 12. Nd5 Qb7 13. Bg2 O-O-O 14. Nb4 d6 15.
Nxc6 Nxc6 16. c4 bxc4 17. Qxc4 Qb5 18. Qxb5 axb5 19. Kb1 Kb7 20. Rd2 h5 21. h4
Rg8 22. Rc1 Be7 23. Bf3 g6 24. Be2 Kb6 25. Rdc2 Rc8 26. a4 bxa4 27. bxa4 e5 28.
a5+ Kb7 29. a6+ Kb6 30. Rc3 Rc7 31. Rb3+ Ka7 32. Rxc6 Rxc6 33. Rb7+ Ka8 34. Rxe7
Rb8 35. Rxf7 Rcb6 36. Rb7 R6xb7 37. axb7+ Kxb7 38. Bc1 Kc6+ 39. Kc2 d5 40. exd5+
Kxd5 41. Be3 Rc8+ 42. Kd2 e4 43. Ke1 Ke5 44. Kf1 Rc2 45. Bd1 Rb2 46. Kg2 Kf5 47.
Ba4 Rb7 48. Kh3 Ke5 49. Bc2 Rb4 50. Bd2 Rc4 51. Bb3 Rc8 52. Bf4+ Kf5 53. Ba4 Ke6
54. Be3 Ke5 55. g4 Ra8 56. Bc6 Rc8 57. Bb5 Rf8 58. Be2 Rh8 59. Bc4 hxg4+ 60.
Kxg4 Rh7 61. Be2 Rh5 62. Bf4+ Kf6 63. Bg5+ Ke5 64. Bc4 Rh7 65. Bd2 Kd4 66. Be6
Kd3 67. Be3 Re7 68. Ba2 Kc2 69. Bd5 Kd3 70. Kf4 Re8 71. Ba2 Rh8 72. Kg4 Ra8 73.
Bb1+ Ke2 74. Bxe4 Ra4 75. Kf4 Kf1 76. Kf3 Kg1 77. Bxg6 Rxh4 78. Kg3 Ra4 79. Bd3
Kh1 80. Bf1 Kg1 81. Bb5 Ra3 82. Bc4 Rc3 83. Bd5 Kf1 84. Kf3 Rc2 85. Kg3 Rc3 86.
Kf4 Ke2 87. Bd4 Rc8 88. Ke5 Re8+ 89. Be6 Kf3 90. Bc5 Rh8 91. Bd5+ Kg4 92. f3+
Kg3 93. Bd6 Rh6 94. Be4 Kf2 1-0

[Event "Turkish Cup 2016"]
[Site "Manavgat TUR"]
[Date "2016.02.04"]
[Round "9.28"]
[White "Sakir, Ridvan"]
[Black "Aytekin, Murat Eren"]
[Result "1-0"]
[WhiteElo "2093"]
[BlackElo "1830"]
[WhiteTeam "ADANA"]
[BlackTeam "GIRESUN"]
[WhiteFideId "6365434"]
[BlackFideId "6388000"]
[EventDate "2016.01.30"]

1. e4 c5 2. Nf3 a6 3. c4 Nc6 4. d4 cxd4 5. Nxd4 e5 6. Nc2 Bc5 7. Nc3 Nf6 8. Be2
d6 9. O-O h6 10. Rb1 O-O 11. Qd3 Be6 12. b4 Ba7 13. Rd1 Ne8 14. Be3 Bxe3 15.
Qxe3 Qe7 16. Nd5 Bxd5 17. exd5 Nd8 18. f4 e4 19. Qb6 Rc8 20. a4 f5 21. Rbc1 g5
22. Rf1 Ng7 23. Nd4 Nf7 24. g3 h5 25. c5 h4 26. c6 bxc6 27. Nxc6 Qf6 28. Qd4
Qxd4+ 29. Nxd4 hxg3 30. hxg3 gxf4 31. gxf4 Rxc1 32. Rxc1 Nh8 33. Bxa6 Ng6 34. b5
Nxf4 35. b6 Nxd5 36. Bc4 1-0

[Event "Turkish Cup 2016"]
[Site "Manavgat TUR"]
[Date "2016.02.04"]
[Round "9.29"]
[White "Kilic, Ihsan"]
[Black "Guven, Oguz Kagan"]
[Result "1/2-1/2"]
[WhiteElo "2061"]
[BlackElo "1854"]
[WhiteTeam "MERSIN"]
[BlackTeam "IZMIR"]
[WhiteFideId "6305334"]
[BlackFideId "6325297"]
[EventDate "2016.01.30"]

1. d4 c5 2. c3 Nf6 3. Nf3 g6 4. g3 Bg7 5. Bg2 O-O 6. O-O cxd4 7. cxd4 d5 8. Nc3
Nc6 9. Bf4 Ne4 10. Rc1 Be6 11. Ne5 Nxe5 12. Bxe5 Bxe5 13. dxe5 Qa5 14. Bxe4 dxe4
15. Qd4 Qb6 16. Qxe4 Qxb2 17. Rc2 Qb6 18. Na4 Qa5 19. Rc5 Qd2 20. Qxb7 Qxa2 21.
Nc3 Qa3 22. Rc7 Rfb8 23. Qc6 Rc8 24. Nb5 Qa5 25. Rc1 Qb6 26. Qxb6 axb6 27. Nd4
Rxc7 28. Rxc7 Bd5 29. f3 Ra4 30. e3 Ra1+ 31. Kg2 Kf8 32. g4 Rb1 33. e4 Be6 34.
Rb7 Rb4 35. Nc6 Rb5 36. Kg3 g5 37. h4 h6 38. h5 Rb2 39. Nxe7 b5 40. Nc6 Bc4 41.
Rb8+ Kg7 42. Nd4 b4 43. Rb6 b3 44. Nf5+ Kh7 45. Rxh6+ Kg8 46. Rb6 Rd2 47. Ne3
Be6 48. f4 gxf4+ 49. Kxf4 b2 50. Nd5 Rg2 51. Kf3 Rh2 52. g5 Kg7 53. Kf4 Rh4+ 54.
Ke3 Rxh5 55. Rxb2 Rxg5 56. Kf4 Rg4+ 57. Kf3 Rh4 58. Rg2+ Kf8 59. Nf6 Rh8 60. Kf4
Ke7 61. Rb2 Rd8 62. Kg5 Rc8 63. Rb7+ Kd8 64. Ra7 Rc7 65. Ra8+ Rc8 66. Ra1 Rc5
67. Kf4 Rc8 68. Ra5 Rc1 69. Ra7 Rc7 70. Ra6 Rc1 71. Ra5 Rc8 72. Kg5 Rc1 73. Ra8+
Rc8 74. Ra5 Rc1 75. Rb5 Rc2 76. Nd5 Rg2+ 77. Kf4 Rc2 78. Ke3 Rc1 79. Kd4 Rc2 80.
Rb6 Rc1 81. Nc3 Rc2 82. Rb7 Rd2+ 83. Kc5 Rc2 84. Kd4 Rd2+ 85. Ke3 Rc2 86. Kd3
Rc1 87. Ra7 Ke8 88. Kd2 Rh1 89. Nb5 Rf1 90. Nd6+ Kf8 91. Ke2 Rf4 92. Ke3 Rf1 93.
Ra8+ Kg7 94. Ne8+ Kg6 95. Nf6 Rd1 96. Rg8+ Kh6 97. Rg2 Re1+ 98. Kd4 Rd1+ 99. Kc5
Rd3 100. Nd5 Rd1 101. Kd6 Rd4 102. Re2 Kg6 103. Re3 Kg5 104. Ke7 Bxd5 105. exd5
Kf4 106. Re1 Rxd5 107. Kf6 Ra5 108. Rf1+ Ke4 109. Re1+ Kf4 110. Rd1 Ke4 111. Rd2
Rb5 112. Re2+ Kf4 113. Re1 Ra5 114. Rd1 Ke4 1/2-1/2

[Event "Turkish Cup 2016"]
[Site "Manavgat TUR"]
[Date "2016.02.04"]
[Round "9.30"]
[White "Celebi, Orhan"]
[Black "Dedebas, Emre Emin"]
[Result "0-1"]
[WhiteElo "1845"]
[BlackElo "2077"]
[WhiteTeam "SIIRT"]
[BlackTeam "MANISA"]
[WhiteFideId "6306101"]
[BlackFideId "6349005"]
[EventDate "2016.01.30"]

1. e4 e5 2. Nf3 Nc6 3. Bc4 Bc5 4. O-O Nf6 5. d4 Bxd4 6. Nxd4 Nxd4 7. f4 d6 8.
fxe5 dxe5 9. Bg5 Qe7 10. Na3 Be6 11. c3 Bxc4 12. Nxc4 Ne6 13. Bxf6 Qc5+ 14. Kh1
Qxc4 15. Bxe5 O-O 16. Qg4 f5 17. Qg3 fxe4 18. Rfe1 Rf5 19. h3 Raf8 20. b3 Qc6
21. c4 Rg5 22. Qh2 Rf2 23. Bg3 Rd2 24. Re3 Nd4 25. Rf1 Nf5 26. Rxf5 Rxf5 27. Qg1
Qf6 28. Re1 Rf3 29. Bxc7 Rff2 30. c5 Rxg2 31. Qf1 Qxf1+ 32. Rxf1 e3 33. Re1 Rge2
34. Rf1 Rf2 35. Re1 e2 36. Bg3 Rf1+ 37. Kg2 Rxe1 38. Bxe1 Rxa2 39. b4 a6 40. Kf2
Kf7 41. h4 Kg6 42. Ke3 Kh5 43. Kd3 Ra1 44. Kxe2 Rxe1+ 45. Kxe1 Kxh4 46. Kf2 Kg4
47. Ke3 h5 48. Kd4 0-1

[Event "Turkish Cup 2016"]
[Site "Manavgat TUR"]
[Date "2016.02.04"]
[Round "9.31"]
[White "Ayazmali, Gizem"]
[Black "Yilmaz, Goktan"]
[Result "0-1"]
[WhiteElo "1764"]
[BlackElo "1990"]
[WhiteTeam "MERSIN"]
[BlackTeam "ANKARA"]
[WhiteFideId "6336590"]
[BlackFideId "6354904"]
[EventDate "2016.01.30"]

1. e4 c5 2. c3 Nf6 3. e5 Nd5 4. d4 cxd4 5. Qxd4 e6 6. Nf3 Nc6 7. Qe4 f5 8. exf6
Nxf6 9. Qh4 d5 10. Bd3 Bd6 11. Bg6+ Ke7 12. Bc2 h6 13. Bg6 e5 14. Qa4 e4 15. Nh4
Ne5 16. O-O Rg8 17. Bf4 Nxg6 18. Nxg6+ Kf7 19. Ne5+ Ke6 20. Ng6 Bd7 21. Qd4 Be8
22. Ne5 Qc7 23. c4 Bxe5 24. cxd5+ Nxd5 25. Bxe5 Qxe5 26. Qc4 b5 27. Qb3 Kf6 28.
Nd2 Bc6 29. Rfe1 Nf4 30. Nf3 Qc5 31. Rac1 Ne2+ 0-1

[Event "Turkish Cup 2016"]
[Site "Manavgat TUR"]
[Date "2016.02.04"]
[Round "9.32"]
[White "Elalmis, Husamettin"]
[Black "Tasdogen, Dincer"]
[Result "1/2-1/2"]
[WhiteElo "1731"]
[BlackElo "1984"]
[WhiteTeam "ANKARA"]
[BlackTeam "ANTALYA"]
[WhiteFideId "6318002"]
[BlackFideId "6367097"]
[EventDate "2016.01.30"]

1. c4 e5 2. Nc3 Nc6 3. Nf3 g6 4. g3 Bg7 5. Bg2 d6 6. O-O f5 7. d3 Nf6 8. Bg5 h6
9. Bxf6 Qxf6 10. Nd5 Qf7 11. Rc1 O-O 12. b4 Be6 13. b5 Nd8 14. Nb4 g5 15. Nd2 f4
16. Bd5 Qd7 17. a4 c6 18. Be4 Bh3 19. Bg2 Bxg2 20. Kxg2 Ne6 21. e3 Nc5 22. h3 a5
23. bxa6 bxa6 24. a5 Rab8 25. Rb1 Rb7 26. Qc2 Rfb8 27. Na2 Qf5 28. e4 Qc8 29.
Rxb7 Rxb7 30. Rb1 Bf6 31. Nc1 Bd8 32. Ncb3 Nxb3 33. Nxb3 c5 34. Ra1 Qb8 35. Ra3
fxg3 36. fxg3 Rf7 37. Ra2 Qb4 38. Nd2 Kg7 39. Qb3 Bxa5 40. Qxb4 Bxb4 41. Nb3 Be1
42. Re2 Bc3 43. Ra2 Rb7 44. Nc1 a5 45. g4 Kf7 46. Kf3 Ke7 47. Ne2 Be1 48. Ra3
Kd7 49. Ra1 Bb4 50. Ng3 Ke6 51. Nf5 Bc3 52. Ra3 Bb4 53. Ra2 Ra7 54. Ra4 Rh7 55.
Kg3 Rh8 56. Ng7+ Kd7 57. Ra1 Ra8 58. Ra4 Be1+ 59. Kf3 Rb8 60. Ra1 Bd2 61. Ra2
Bc3 62. Ra3 Bb4 1/2-1/2

[Event "Turkish Cup 2016"]
[Site "Manavgat TUR"]
[Date "2016.02.04"]
[Round "9.33"]
[White "Ates, Mehmet Aziz"]
[Black "Eryigit, Yakup"]
[Result "0-1"]
[WhiteElo "1610"]
[BlackElo "1941"]
[WhiteTeam "DIYARBAKIR"]
[BlackTeam "BURDUR"]
[WhiteFideId "34524681"]
[BlackFideId "6340660"]
[EventDate "2016.01.30"]

1. b3 Nf6 2. Bb2 g6 3. e3 Bg7 4. c4 O-O 5. Nf3 d6 6. Be2 Nbd7 7. Nc3 c6 8. O-O
e5 9. d4 e4 10. Nd2 Re8 11. Qc2 Qe7 12. Rfe1 Nf8 13. h3 h5 14. Kh2 Bf5 15. Rh1
N8h7 16. Bd1 Bh6 17. Ne2 h4 18. g4 Bxg4 19. hxg4 Nxg4+ 20. Kg2 Bxe3 21. Nxe4
Bxf2 22. Bc1 Ne3+ 23. Bxe3 Bxe3 24. Kf3 Bh6 25. N2c3 Ng5+ 26. Nxg5 Qxg5 27. Ne2
Rxe2 28. Kxe2 Qg2+ 0-1

[Event "Turkish Cup 2016"]
[Site "Manavgat TUR"]
[Date "2016.02.04"]
[Round "9.34"]
[White "Oztekin, Mehmet Metin"]
[Black "Gulden, Egemen"]
[Result "0-1"]
[WhiteElo "1903"]
[BlackElo "2229"]
[WhiteTeam "MARDIN"]
[BlackTeam "IZMIR"]
[WhiteFideId "6358829"]
[BlackFideId "6324983"]
[EventDate "2016.01.30"]

1. Nf3 g6 2. d4 Bg7 3. c4 d6 4. Nc3 Nc6 5. h3 e5 6. d5 Nce7 7. e4 h6 8. Bd3 f5
9. b3 Nf6 10. Bb2 O-O 11. Qc2 a6 12. a4 Bd7 13. Nd2 Nh5 14. g3 Qc8 15. O-O-O Nf6
16. f3 fxe4 17. Ncxe4 Nxe4 18. Bxe4 b5 19. axb5 axb5 20. c5 Nf5 21. Nf1 Ra2 22.
c6 Be8 23. Qc3 Qa6 24. b4 Nd4 25. Rh2 Qa4 26. Nd2 h5 27. Rf1 Bh6 28. Kb1 Bg7 29.
g4 h4 30. Nb3 Rxb2+ 31. Qxb2 Nxb3 32. Bc2 e4 33. Bxb3 Qxb4 34. Qc2 g5 35. Re2
Bg6 36. Kc1 Qd4 37. Qb2 Qc5+ 38. Qc2 Qa3+ 39. Kd1 exf3 40. Qxg6 fxe2+ 41. Kxe2
Qb2+ 42. Bc2 Qe5+ 43. Be4 Qh2+ 44. Ke1 Rxf1+ 45. Kxf1 Qxh3+ 46. Kf2 Qg3+ 47. Kf1
Qf4+ 48. Ke1 Kf8 49. Qe6 Bc3+ 50. Ke2 Qd2+ 51. Kf3 0-1

[Event "Turkish Cup 2016"]
[Site "Manavgat TUR"]
[Date "2016.02.04"]
[Round "9.35"]
[White "Taskiran, Recep"]
[Black "Karagollu, Ahmet"]
[Result "0-1"]
[WhiteElo "1846"]
[BlackElo "2113"]
[WhiteTeam "ISTANBUL"]
[BlackTeam "IZMIR"]
[WhiteFideId "6323634"]
[BlackFideId "6307825"]
[EventDate "2016.01.30"]

1. e4 Nc6 2. Nf3 e5 3. Bb5 a6 4. Ba4 Nf6 5. d3 b5 6. Bb3 Be7 7. O-O O-O 8. Re1
d6 9. c3 Na5 10. Bc2 c5 11. Nbd2 Re8 12. Nf1 h6 13. h3 Bf8 14. b3 Nc6 15. Ne3 d5
16. Bb2 d4 17. Nf1 dxc3 18. Bxc3 Nd4 19. Rc1 g6 20. Bb1 Nh5 21. Bd2 Qf6 22. Nxd4
cxd4 23. Nh2 Nf4 24. Qf3 g5 25. Kh1 Qg6 26. Bc2 Ba3 27. Rcd1 a5 28. Bc1 Bxc1 29.
Rxc1 Bd7 30. Bb1 Rac8 31. a3 Qd6 32. b4 axb4 33. axb4 Qxb4 34. g3 Rxc1 35. Rxc1
Qb2 36. Re1 Nxh3 37. Kg2 h5 38. Rf1 g4 39. Qf6 Re6 40. Qh4 Qd2 41. Qxh5 Rh6 42.
Qxe5 Nxf2 43. Rxf2 Rxh2+ 44. Kxh2 Qxf2+ 45. Kh1 Qe1+ 46. Kg2 Qd2+ 47. Kh1 Qc1+
48. Kg2 Qb2+ 49. Kg1 Qxb1+ 50. Kg2 Qc2+ 51. Kg1 Qd1+ 52. Kg2 Qe2+ 53. Kg1 Qe3+
54. Kh2 Be6 55. Qxb5 Kh7 56. Qe5 Kg6 57. Qb8 Qxd3 58. Qg8+ Kf6 59. Qd8+ Ke5 60.
Qh8+ Kxe4 61. Qh7+ Ke3 62. Qh6+ Ke2 0-1

[Event "Turkish Cup 2016"]
[Site "Manavgat TUR"]
[Date "2016.02.04"]
[Round "9.36"]
[White "Metin, Oguz"]
[Black "Aktas, Ilker"]
[Result "1-0"]
[WhiteElo "2134"]
[BlackElo "1892"]
[WhiteTeam "BURDUR"]
[BlackTeam "MALATYA"]
[WhiteFideId "6307850"]
[BlackFideId "6306152"]
[EventDate "2016.01.30"]

1. e4 c5 2. c3 Nf6 3. e5 Nd5 4. d4 cxd4 5. Nf3 e6 6. cxd4 d6 7. Bc4 Nb6 8. Bd3
Nc6 9. O-O dxe5 10. dxe5 Nb4 11. Be4 Qxd1 12. Rxd1 Rb8 13. Nc3 Bd7 14. a3 Nc6
15. b4 f5 16. exf6 gxf6 17. Bxc6 bxc6 18. Bf4 e5 19. Nxe5 Rc8 20. Nxd7 Nxd7 21.
Rd3 Ne5 22. Re1 Bg7 23. Rg3 Kf7 24. Ne4 Rcd8 25. Bxe5 fxe5 26. Rc3 a5 27. bxa5
Ra8 28. Rxc6 Rhd8 29. a6 Bf8 30. h4 Rd3 31. Rb1 Rxa3 32. Rb7+ 1-0

[Event "Turkish Cup 2016"]
[Site "Manavgat TUR"]
[Date "2016.02.04"]
[Round "9.37"]
[White "Camci, Ali Ammar"]
[Black "Baltaci, Ismail Tarik"]
[Result "1-0"]
[WhiteElo "2074"]
[BlackElo "1842"]
[WhiteTeam "SAKARYA"]
[BlackTeam "YALOVA"]
[WhiteFideId "6305130"]
[BlackFideId "6365213"]
[EventDate "2016.01.30"]

1. f4 d5 2. e3 g6 3. d4 Bg7 4. Nf3 Nf6 5. Bd3 c5 6. c3 O-O 7. O-O b6 8. Qe1 Ne4
9. Nbd2 f5 10. Ne5 Be6 11. Ndf3 Nd7 12. Bxe4 fxe4 13. Ng5 Nxe5 14. Qh4 1-0

[Event "Turkish Cup 2016"]
[Site "Manavgat TUR"]
[Date "2016.02.04"]
[Round "9.38"]
[White "Gundogan, Cem"]
[Black "Sahin, Handenur"]
[Result "1-0"]
[WhiteElo "2076"]
[BlackElo "1839"]
[WhiteTeam "KOCAELI"]
[BlackTeam "ANKARA"]
[WhiteFideId "6311032"]
[BlackFideId "6334865"]
[EventDate "2016.01.30"]

1. g3 Nf6 2. Bg2 d5 3. c4 c6 4. Nf3 e6 5. b3 Nbd7 6. Bb2 Bd6 7. O-O O-O 8. Nc3
a6 9. d4 b5 10. Nd2 b4 11. Na4 Bb7 12. e4 dxe4 13. Nxe4 Nxe4 14. Bxe4 Qc7 15. c5
Be7 16. f4 a5 17. f5 Nf6 18. Bc2 Ba6 19. Rf2 Rad8 20. fxe6 fxe6 21. Qe1 Bc8 22.
Nb6 Nd5 23. Qe2 Rde8 24. Re1 Bd8 25. Bc1 Rxf2 26. Nxd5 cxd5 27. Qd3 Kf8 28. Qxh7
Bf6 29. Kxf2 Rd8 30. Bg6 Qc6 31. Kg2 e5 32. Bg5 Ke7 33. Qxg7+ 1-0

[Event "Turkish Cup 2016"]
[Site "Manavgat TUR"]
[Date "2016.02.04"]
[Round "9.39"]
[White "Temizkan, Denizcan"]
[Black "Celik, Berkay"]
[Result "1-0"]
[WhiteTitle "FM"]
[WhiteElo "2002"]
[BlackElo "1814"]
[WhiteTeam "HATAY"]
[BlackTeam "DUZCE"]
[WhiteFideId "6325157"]
[BlackFideId "6337848"]
[EventDate "2016.01.30"]

1. d4 d5 2. c4 e6 3. Nc3 Nf6 4. Bg5 Be7 5. Nf3 h6 6. Bh4 O-O 7. e3 Ne4 8. Bxe7
Qxe7 9. Qc2 Nxc3 10. Qxc3 c6 11. Bd3 dxc4 12. Bxc4 Nd7 13. O-O Re8 14. Rad1 b6
15. Rfe1 c5 16. Bb5 cxd4 17. Qxd4 a6 18. Bxd7 Rd8 19. Ne5 Bxd7 20. Nxd7 Kh8 21.
Qe4 1-0

[Event "Turkish Cup 2016"]
[Site "Manavgat TUR"]
[Date "2016.02.04"]
[Round "9.40"]
[White "Kucukdogerli, Murat Can"]
[Black "Demir, Bilal"]
[Result "1-0"]
[WhiteElo "1888"]
[BlackElo "2132"]
[WhiteTeam "ANKARA"]
[BlackTeam "BURDUR"]
[WhiteFideId "6341071"]
[BlackFideId "4662369"]
[EventDate "2016.01.30"]

1. e4 e5 2. Nf3 d6 3. d4 exd4 4. Nxd4 Nf6 5. Nc3 Be7 6. g3 d5 7. e5 Ng4 8. Bg2
O-O 9. Nxd5 Bc5 10. c3 Nxe5 11. O-O Bg4 12. Qb3 Bc8 13. Bf4 Nbd7 14. Rfe1 Bd6
15. Rad1 c6 16. Ne3 Qf6 17. h4 h6 18. Qc2 g5 19. Ndf5 Bb8 20. Nxh6+ Qxh6 21.
Bxg5 Qh8 22. Nf5 Nf6 23. Ne7+ Kg7 24. Nxc8 Rxc8 25. Qf5 Ned7 26. Rxd7 Nxd7 27.
Re7 Rf8 28. Rxd7 Qh7 29. Qg4 Rg8 30. Be4 1-0

[Event "Turkish Cup 2016"]
[Site "Manavgat TUR"]
[Date "2016.02.04"]
[Round "9.41"]
[White "Sat, Eray"]
[Black "Rzayev, Askar Aliakbar"]
[Result "1/2-1/2"]
[WhiteElo "1898"]
[BlackElo "2082"]
[WhiteTeam "YALOVA"]
[BlackTeam "BURSA"]
[WhiteFideId "6347967"]
[BlackFideId "13405039"]
[EventDate "2016.01.30"]

1. e4 c5 2. Ne2 Nc6 3. c4 g6 4. d4 cxd4 5. Nxd4 Bg7 6. Be3 Nf6 7. Nc3 d6 8. Be2
O-O 9. O-O Bd7 10. f3 Nxd4 11. Bxd4 Bc6 12. Qd2 a5 13. b3 Nd7 14. Bxg7 Kxg7 15.
Qd4+ Kg8 16. Nd5 Bxd5 17. exd5 Qb6 18. Qxb6 Nxb6 19. Kf2 Rfc8 20. Ke3 a4 21. f4
axb3 22. axb3 Rxa1 23. Rxa1 Ra8 24. Rxa8+ Nxa8 25. Kd4 b6 26. b4 Nc7 27. Bg4 f5
28. Bd1 Na6 29. Kc3 Kf7 30. Ba4 e6 31. dxe6+ Kxe6 32. Bc6 h6 33. Bb7 Nc7 34. Kd4
Kf6 35. g3 Ke7 36. h4 h5 37. Bd5 Na6 38. Kc3 1/2-1/2